000 00278nam a2200121Ia 4500
005 20251222152005.0
008 251222s9999||||xx |||||||||||||| ||spa||
082 _a590/P98
245 0 _aAmerican Society of Animals Science
250 _a1ra.ed.
264 _bs.e.
942 _cLIB
999 _c24700
_d24700